Top 14 Minecraft mobs by HP - Statistics

General Stats
  • This quiz has been taken 43 times
  • The average score is 8 of 14
Answer Stats
HP Mob % Correct
200 Ender Dragon
97%
300 Wither
95%
500 Warden
92%
40 Enderman
76%
100 Iron Golem
73%
80 Elder Guardian
65%
100 Ravager
65%
40 Hoglin
57%
50 Piglin Brute
57%
40 Zoglin
49%
32 Camel
22%
40 Wolf
22%
100 Giant
16%
32 Illusioner
8%
No matching quizzes found
Score Distribution
Percent of People with Each Score
Percentile by Number Answered
Your Score History
You have not taken this quiz